LEADER 00898nam0-2200313---450- 001 990008308690403321 005 20060406122800.0 010 $a0-471-54411-6 035 $a000830869 035 $aFED01000830869 035 $a(Aleph)000830869FED01 035 $a000830869 100 $a20060406d1991----km-y0itay50------ba 101 0 $aeng 102 $aUS 105 $aa-------001yy 200 1 $aIntroduction to stereochemistry and conformational analysis$fEusebio Juaristi 210 $aNew York$cJohn Wiley & Sons$d1991 215 $a331 p.$d23 cm 610 0 $aStereochimica 676 $a541.223 700 1$aJuaristi,$bEusebio$0500188 801 0$aIT$bUNINA$gRICA$2UNIMARC 901 $aBK 912 $a990008308690403321 952 $a80 XI 80 CFT (2)$bCFT$fFFABC 959 $aFFABC 996 $aIntroduction to stereochemistry and conformational analysis$9745750 997 $aUNINA LEADER 01369nam0-2200361---450- 001 990009627970403321 005 20121010114226.0 035 $a000962797 035 $aFED01000962797 035 $a(Aleph)000962797FED01 035 $a000962797 100 $a20121005d1981----km-y0itay50------ba 101 0 $aita 102 $aIT 105 $aaf------001yy 200 1 $aVite de' pittori, scultori, ed architetti viventi$edai manoscritti 1383 e 1743 della Biblioteca comunale Augusta di Perugia$fLione Pascoli$gintroduzione di Valentino Martinelli$gnota sulla storia dei manoscritti di Francesco Federico Mancini$gcommenti a cura di Isa Belli Barsali ... [et al.] 210 $aTreviso$cLibreria Editrice Canova$d1981 215 $aXXIII, 434 p., [1] c. di tav.$cill.$d21 cm 225 1 $aFonti per la storia dell'arte 610 0 $aArtisti italiani$aSec. 17.-18.$aBiografie 610 0 $aArchitetti italiani$aSec. 17.-18.$aBiografie 676 $a927 700 1$aPascoli,$bLione$0215146 702 1$aMartinelli,$bValentino$f<1923-1999> 702 1$aMancini,$bFrancesco Federico 702 1$aBelli Barsali,$bIsa 801 0$aIT$bUNINA$gRICA$2UNIMARC 901 $aBK 912 $a990009627970403321 952 $a927 PAS 1$bBibl.58807$fFLFBC 959 $aFLFBC 996 $aVite de' pittori, scultori, ed architetti viventi$9848909 997 $aUNINA LEADER 01243nam--2200349---450- 001 990002338290203316 005 20050105162039.0 010 $a88 204 8828 0 035 $a000233829 035 $aUSA01000233829 035 $a(ALEPH)000233829USA01 035 $a000233829 100 $a20050105d1982----km-y0itay0103----ba 101 $aita 102 $aIT 105 $a||||||||001yy 200 1 $a<> mobilità dei lavoratori e la disciplina del collocamento$eil trasferimento di atleti tra società sportive$eatti dell'11 congresso nazionale e della tavola rotonda$ePrato 9-11 ottobre 1981$fa cura di Oscar Marchisio$gprefazione di Bruno Trentin 210 $aMilano$cGiuffrè$d1982 215 $aXI, 347 p.$d25 cm 225 2 $aCentro nazionale di diritto del lavoro Domenico Napoletano$v4 410 0$12001$aCentro nazionale di diritto del lavoro Domenico Napoletano$v4 454 1$12001 461 1$1001-------$12001 676 $a331 801 0$aIT$bsalbc$gISBD 912 $a990002338290203316 951 $aCOLL FAZ 4$b12831 G.$cCOLL FAZ 959 $aBK 969 $aGIU 979 $aSIAV1$b10$c20050105$lUSA01$h1620 996 $aMobilità dei lavoratori e la disciplina del collocamento$9617488 997 $aUNISA LEADER 00912nam0-2200313---450 001 990009522590403321 005 20200716130420.0 010 $a978-0-691-12861-0 035 $a000952259 035 $aFED01000952259 035 $a(Aleph)000952259FED01 035 $a000952259 100 $a20120201d2011----km-y0itay50------ba 101 0 $aeng 102 $aUS 105 $aaf------001yy 200 1 $aPollination and floral ecology$fPat Willmer 210 $aPrinceton, N.J. ; Oxford$cPrinceton university press$dc2011 215 $aX, 778 p., [40] p. di tav.$cill.$d26 cm 610 0 $aImpollinazione 676 $a571.8642$v22$zita 700 1$aWillmer,$bPat$f<1953- >$077955 801 0$aIT$bUNINA$gRICA$2UNIMARC 901 $aBK 912 $a990009522590403321 952 $a60 571.864 WILP 2011$b13598$fFAGBC 959 $aFAGBC 996 $aPollination and floral ecology$9856143 997 $aUNINA